Quiz o jeziorach - Statystyki

Ogólne statystyki
  • Ten quiz został rozwiązany 14 razy
  • Średni wynik to 9 z 15
Statystyki odpowiedzi
Hint Odpowiedź % Poprawnych
Najgłębsze jezioro na świecie Bajkał
92%
Największe jezioro w Polsce Śniardwy
85%
Na jakim kontynencie leży jezioro tanganika Afryka
77%
2 największe jezioro w Polsce Mamry
77%
W jakim państwie leży jezioro Bajkał Rosja
77%
W jakim województwie znajduje się największe jezioro w Polsce Warmińsko-mazurskie
77%
Najgłębsze jezioro w Polsce Hańcza
69%
Największe jezioro na świecie Morze Kaspijskie
62%
Największe jezioro w Europie Ładoga
54%
Jezioro powstałe w wyniku uderzenia meteorytu Meteorytowe
46%
2 największe jezioro na świecie Górne
38%
Jezioro powstałe w wyniku wypełniania przybrzeżnych zagłębień Przez wodę gruntowa Przybrzeżne
38%
Jezioro powstałe w wyniku obniżeniem poziomu mórz które zostały odcięcie lub podział Dawnych części mórz Reliktowe
31%
Jakim typem jezioro jest morze Kaspijskie Reliktowe
31%
Największe jezioro na mazowszu Zdworskie
0%
Nie znaleziono quizów pasujących do podanych kryteriów
Rozkład punktacji
Procent ludzi z każdym wynikiem
Percentyl według liczby udzielonych odpowiedzi
Twoja historia wyników
Nie rozwiązałeś tego quizu